[Event "Pula op 37th"]
[Site "Pula"]
[Date "2025.06.22"]
[Round "8"]
[White "Sherman, Reem"]
[Black "Ledger, Dave J"]
[Result "1-0"]
[WhiteElo "2366"]
[BlackElo "2159"]
[PlyCount "105"]
[EventDate "2025.06.15"]
[EventType "swiss"]
[EventRounds "9"]
[EventCountry "CRO"]
[SourceTitle "CB26_2025"]
[SourceDate "2025.06.25"]
[SourceVersion "1"]
[SourceVersionDate "2025.06.25"]
[SourceQuality "1"]

1. e4 e5 2. Nf3 Nc6 3. Bc4 Bc5 4. c3 Nf6 5. d3 d6 6. 0-0 a6 7. a4 Ba7 8. Re1 0-0 9. h3 h6 10. Nbd2 Ne7 11. d4 Ng6 12. Bb3 Re8 13. Bc2 Be6 14. Nf1 Nh7 15. Be3 Bd7 16. Qd2 Qe7 17. Ng3 Rad8 18. b4 Nh4 19. Nxh4 Qxh4 20. dxe5 Bxe3 21. Qxe3 dxe5 22. Rad1 Be6 23. Nf5 Qg5 24. Qc5 g6 25. Ng3 Rd2 26. h4 Qf4 27. Ne2 Rxd1 28. Rxd1 Qxh4 29. Qxe5 Ng5 30. Ng3 Bd7 31. Qxc7 Bg4 32. Rd2 Bf3 33. Qd7 Re6 34. Qd8+ Kh7 35. gxf3 Nxf3+ 36. Kg2 Rf6 37. Rd1 Qh2+ 38. Kf1 Rf4 39. Qb6 Ne5 40. Ke2 Qg2 41. Qd4 Rf3 42. Rf1 Ng4 43. Ke1 h5 44. Bd1 Nh2 45. Qc4 Rf4 46. Qc7 Rxe4+ 47. Be2 Rxe2+ 48. Kxe2 h4 49. Qxf7+ Kh6 50. Qf4+ g5 51. Qf6+ Kh7 52. Qf7+ Kh6 53. Nf5# 1-0

[Event "BCF-chT 2425 (4NCL)"]
[Site "England"]
[Date "2025.01.26"]
[Round "4.46"]
[White "Ledger, Dave J"]
[Black "Foisor, Mihaela Veronica"]
[Result "1/2-1/2"]
[WhiteElo "2200"]
[BlackElo "2156"]
[PlyCount "52"]
[EventDate "2024.11.23"]
[EventType "team-swiss"]
[EventRounds "11"]
[EventCountry "ENG"]
[SourceTitle "CB14_2025"]
[SourceDate "2024.11.01"]
[SourceVersion "1"]
[SourceVersionDate "2024.11.01"]
[SourceQuality "1"]
[WhiteTeam "Blackthorne Russia"]
[BlackTeam "The Sharks II"]
[WhiteTeamCountry "ENG"]
[BlackTeamCountry "ENG"]

1. e4 e6 2. d4 d5 3. Nc3 Nf6 4. e5 Nfd7 5. f4 c5 6. Nf3 Nc6 7. Be3 a6 8. Qd2 b5 9. Bd3 Qb6 10. dxc5 Bxc5 11. Nd1 a5 12. a3 Ba6 13. c3 Bxe3 14. Qxe3 Qxe3+ 15. Nxe3 Nc5 16. Bc2 b4 17. axb4 axb4 18. Nd4 Kd7 19. Nxc6 Kxc6 20. cxb4 Nd3+ 21. Bxd3 Bxd3 22. Kd2 Be4 23. Rhc1+ Kb6 24. g3 Rxa1 25. Rxa1 Rc8 26. b3 Rc7 1/2-1/2

[Event "EU-Cup 39th"]
[Site "Vrnjacka Banja"]
[Date "2024.10.21"]
[Round "2.4"]
[White "Ledger, Dave J"]
[Black "Bergan, Gaute"]
[Result "0-1"]
[WhiteElo "2209"]
[BlackElo "2021"]
[PlyCount "94"]
[EventDate "2024.10.20"]
[EventType "team-swiss"]
[EventRounds "7"]
[EventCountry "SRB"]
[SourceTitle "CB44_2024"]
[Source "Chessbase"]
[SourceDate "2024.10.30"]
[SourceVersion "1"]
[SourceVersionDate "2024.10.30"]
[SourceQuality "1"]
[WhiteTeam "Blackthorne"]
[BlackTeam "Oslo 1911"]
[WhiteTeamCountry "ENG"]
[BlackTeamCountry "NOR"]

1. e4 e5 2. Nf3 Nc6 3. Bc4 Nf6 4. d4 exd4 5. e5 d5 6. Bb5 Ne4 7. 0-0 Be7 8. Nxd4 Bd7 9. Bxc6 bxc6 10. f3 Nc5 11. Be3 0-0 12. Nd2 Na4 13. c4 c5 14. N4b3 d4 15. Bf2 Nxb2 16. Qc2 Na4 17. Ne4 f6 18. exf6 Bxf6 19. Rad1 Be7 20. Rfe1 Bc6 21. Rd2 Bd6 22. Na5 Bxe4 23. Rxe4 Nc3 24. Rh4 g6 25. Nb7 Qe7 26. Nxd6 cxd6 27. Rg4 Qe6 28. h4 Qf5 29. Bg3 Ne2+ 30. Kh2 Nxg3 31. Kxg3 Qxc2 32. Rxc2 Rfe8 33. Rg5 Rab8 34. h5 Kf7 35. hxg6+ hxg6 36. Rd5 Rb6 37. Kf4 Re3 38. g4 Kf6 39. Rh2 Kg7 40. g5 a5 41. Kg4 Rc3 42. f4 Rxc4 43. f5 d3+ 44. Kf3 gxf5 45. Rxf5 Rd4 46. Ke3 Rb7 47. Rhf2 d2 0-1

[Event "BCF-ch"]
[Site "Hull"]
[Date "2024.08.04"]
[Round "9"]
[White "Ledger, Dave J"]
[Black "Derakhshani, Borna"]
[Result "1/2-1/2"]
[WhiteElo "2201"]
[BlackElo "2351"]
[PlyCount "66"]
[EventDate "2024.07.27"]
[EventType "swiss"]
[EventRounds "9"]
[EventCountry "ENG"]
[SourceTitle "CBM 221 Extra"]
[Source "ChessBase"]
[SourceDate "2024.09.30"]
[SourceVersion "1"]
[SourceVersionDate "2024.09.30"]
[SourceQuality "1"]

1. e4 c6 2. d4 d5 3. e5 Bf5 4. h4 h5 5. Bd3 Bxd3 6. Qxd3 Qa5+ 7. Bd2 Qa6 8. e6 Qxd3 9. exf7+ Kxf7 10. cxd3 Nd7 11. Nf3 Nh6 12. Nc3 Re8 13. Bf4 e6 14. 0-0 Be7 15. Rfe1 Nf5 16. g3 Bf6 17. Be5 Nxe5 18. dxe5 Be7 19. Ne2 c5 20. Nf4 g6 21. Kg2 Rc8 22. Rac1 b5 23. Kh3 c4 24. Red1 Rhd8 25. dxc4 bxc4 26. Ne2 Rb8 27. Rc2 Rb6 28. Ned4 Nxd4 29. Nxd4 Bc5 30. b3 Bxd4 31. Rxd4 cxb3 32. Rc7+ Ke8 33. axb3 Rd7 1/2-1/2

[Event "BCF-ch"]
[Site "Hull"]
[Date "2024.08.02"]
[Round "7"]
[White "Ledger, Dave J"]
[Black "Shearsby, Jude"]
[Result "1-0"]
[WhiteElo "2201"]
[BlackElo "2130"]
[PlyCount "89"]
[EventDate "2024.07.27"]
[EventType "swiss"]
[EventRounds "9"]
[EventCountry "ENG"]
[SourceTitle "CBM 221 Extra"]
[Source "ChessBase"]
[SourceDate "2024.09.30"]
[SourceVersion "1"]
[SourceVersionDate "2024.09.30"]
[SourceQuality "1"]

1. e4 c5 2. Nf3 e6 3. d4 cxd4 4. Nxd4 Nf6 5. Nc3 Nc6 6. Ndb5 Bc5 7. Nd6+ Ke7 8. Bf4 e5 9. Nf5+ Kf8 10. Bg5 d6 11. Ne3 Bxe3 12. Bxe3 Be6 13. Be2 d5 14. exd5 Nxd5 15. Nxd5 Qxd5 16. Qxd5 Bxd5 17. f3 Rc8 18. 0-0-0 Bxa2 19. Rd7 Na5 20. b4 Be6 21. Bc5+ Kg8 22. Re7 h5 23. Rd1 b6 24. Ba6 Ra8 25. Rxe6 fxe6 26. Bd6 Kf7 27. bxa5 Rad8 28. axb6 axb6 29. Bxe5 Rxd1+ 30. Kxd1 Ra8 31. Bd3 h4 32. Kd2 Ra5 33. Bf4 Ra1 34. Be3 Rb1 35. Ke2 Kf6 36. f4 e5 37. fxe5+ Kxe5 38. Kf3 b5 39. h3 b4 40. Bc4 Kf5 41. Bd4 g6 42. Bd3+ Kg5 43. Be3+ Kh5 44. Bc4 Rd1 45. Kf2 1-0

[Event "BCF-ch"]
[Site "Hull"]
[Date "2024.08.01"]
[Round "6"]
[White "Bradbury, Neil H"]
[Black "Ledger, Dave J"]
[Result "1/2-1/2"]
[WhiteElo "2153"]
[BlackElo "2201"]
[PlyCount "45"]
[EventDate "2024.07.27"]
[EventType "swiss"]
[EventRounds "9"]
[EventCountry "ENG"]
[SourceTitle "CBM 221 Extra"]
[Source "ChessBase"]
[SourceDate "2024.09.30"]
[SourceVersion "1"]
[SourceVersionDate "2024.09.30"]
[SourceQuality "1"]

1. d4 Nf6 2. c4 e6 3. Nc3 Bb4 4. e3 d5 5. Nf3 0-0 6. Bd2 c5 7. a3 Bxc3 8. bxc3 Nc6 9. Qc2 b6 10. Bd3 dxc4 11. Bxc4 cxd4 12. cxd4 Bb7 13. 0-0 Rc8 14. Qd3 Rc7 15. Rfc1 Qc8 16. Bb5 Rd8 17. Bxc6 Rxc6 18. Ne5 Rc7 19. f3 Qb8 20. Rxc7 Qxc7 21. Qb3 Rc8 22. Rc1 Qd8 23. Rxc8 1/2-1/2

[Event "BCF-ch"]
[Site "Hull"]
[Date "2024.07.30"]
[Round "4"]
[White "Verma, Aditya"]
[Black "Ledger, Dave J"]
[Result "0-1"]
[WhiteElo "2118"]
[BlackElo "2201"]
[PlyCount "58"]
[EventDate "2024.07.27"]
[EventType "swiss"]
[EventRounds "9"]
[EventCountry "ENG"]
[SourceTitle "CBM 221 Extra"]
[Source "ChessBase"]
[SourceDate "2024.09.30"]
[SourceVersion "1"]
[SourceVersionDate "2024.09.30"]
[SourceQuality "1"]

1. e4 e5 2. Nf3 Nc6 3. Bb5 a6 4. Ba4 d6 5. c3 Bd7 6. 0-0 g5 7. d4 g4 8. Ne1 h5 9. f4 exd4 10. cxd4 d5 11. e5 Nh6 12. Nc3 Be6 13. Bxc6+ bxc6 14. Qa4 Qd7 15. Be3 Nf5 16. Nd1 c5 17. Qxd7+ Kxd7 18. Nc2 cxd4 19. Nxd4 c5 20. Nxf5 Bxf5 21. b3 Be7 22. Rc1 Rac8 23. Nb2 Rc6 24. Na4 Rhc8 25. Rfd1 Ke6 26. g3 R8c7 27. Bf2 Be4 28. Rc3 c4 29. Rdc1 Bb4 0-1

[Event "BCF-ch"]
[Site "Hull"]
[Date "2024.07.28"]
[Round "2"]
[White "Rida, Ruqayyah"]
[Black "Ledger, Dave J"]
[Result "1/2-1/2"]
[WhiteElo "2064"]
[BlackElo "2201"]
[PlyCount "202"]
[EventDate "2024.07.27"]
[EventType "swiss"]
[EventRounds "9"]
[EventCountry "ENG"]
[SourceTitle "CBM 221 Extra"]
[Source "ChessBase"]
[SourceDate "2024.09.30"]
[SourceVersion "1"]
[SourceVersionDate "2024.09.30"]
[SourceQuality "1"]

1. e4 e5 2. Nf3 Nc6 3. Bc4 Nf6 4. d3 h6 5. c3 d6 6. 0-0 g5 7. Re1 Bg7 8. a4 0-0 9. b4 Bg4 10. Be3 d5 11. exd5 Nxd5 12. Bc5 Re8 13. Qb3 Bxf3 14. gxf3 Nf4 15. Bxf7+ Kh8 16. Bxe8 Qxe8 17. Be3 Qh5 18. Bxf4 gxf4 19. Nd2 Rd8 20. Qc4 Ne7 21. Kh1 Qh4 22. Rg1 Qxf2 23. Qf7 Rg8 24. Rg2 Qh4 25. Ne4 Qh3 26. Qxe7 Qxg2+ 27. Kxg2 Bf6+ 28. Kf1 Bxe7 29. Re1 Bh4 30. Nf2 Rg5 31. Re4 Bxf2 32. Kxf2 Rh5 33. Kg2 Rg5+ 34. Kh3 Kg7 35. d4 exd4 36. Rxd4 a5 37. Rd7+ Kf6 38. Rxc7 b5 39. Rc6+ Ke7 40. axb5 Rxb5 41. bxa5 Rxa5 42. Rxh6 Rc5 43. Rh4 Rc4 44. Kg4 Kf6 45. Rh6+ Kg7 46. Re6 Rxc3 47. Kxf4 Rc4+ 48. Re4 Rc2 49. h3 Rh2 50. Kg3 Rh1 51. Kh4 Kf6 52. Rf4+ Kg6 53. Rf8 Kg7 54. Rb8 Kg6 55. Kg4 Rg1+ 56. Kf4 Rh1 57. Rg8+ Kf7 58. Rg3 Kf6 59. Kg4 Ra1 60. f4 Rb1 61. h4 Ra1 62. h5 Rh1 63. Rg2 Rf1 64. Rh2 Rg1+ 65. Kf3 Rf1+ 66. Ke4 Re1+ 67. Kd5 Rd1+ 68. Kc6 Rc1+ 69. Kd7 Rd1+ 70. Kc6 Rc1+ 71. Kd5 Rd1+ 72. Ke4 Re1+ 73. Kd3 Kg7 74. h6+ Kh7 75. Kd4 Ra1 76. Ke5 Ra5+ 77. Kf6 Ra6+ 78. Kg5 Rg6+ 79. Kf5 Ra6 80. Rh5 Ra5+ 81. Kg4 Ra6 82. Rh1 Rb6 83. f5 Rxh6 84. Rb1 Ra6 85. Rb7+ Kg8 86. Kg5 Rc6 87. Re7 Kf8 88. Rb7 Ra6 89. Rb8+ Kf7 90. Rb7+ Kf8 91. Rd7 Rb6 92. Kf4 Ra6 93. Ke5 Ra5+ 94. Kf6 Ra6+ 95. Kg5 Rb6 96. Rd5 Kf7 97. Ra5 Rc6 98. f6 Rc1 99. Ra7+ Kf8 100. Ra8+ Kf7 101. Ra7+ Kf8 1/2-1/2

[Event "BCF-chT 2324 (4NCL)"]
[Site "England"]
[Date "2024.05.04"]
[Round "9.4"]
[White "Ledger, Dave J"]
[Black "Duessler, Stefanie"]
[Result "1-0"]
[WhiteElo "2211"]
[BlackElo "2079"]
[PlyCount "135"]
[EventDate "2023.11.11"]
[EventType "team-tourn"]
[EventRounds "11"]
[EventCountry "ENG"]
[SourceTitle "EXT 2025"]
[Source "ChessBase"]
[SourceDate "2024.10.14"]
[SourceVersion "1"]
[SourceVersionDate "2024.10.14"]
[SourceQuality "1"]
[WhiteTeam "Blackthorne Russia"]
[BlackTeam "Celtic Tigers"]
[WhiteTeamCountry "ENG"]
[BlackTeamCountry "ENG"]

1. e4 c5 2. Nf3 e6 3. d4 cxd4 4. Nxd4 Nc6 5. Nc3 Qc7 6. Be3 a6 7. g4 b5 8. Nxc6 Qxc6 9. Qd2 Bb7 10. 0-0-0 d6 11. Bg2 Nf6 12. g5 Ng4 13. Bd4 Ne5 14. b3 Rc8 15. h4 Be7 16. Ne2 0-0 17. Kb1 a5 18. h5 Bxg5 19. Qxg5 Qxc2+ 20. Ka1 Qxe2 21. h6 Qg4 22. Qxg4 Nxg4 23. hxg7 Rfe8 24. Rh4 f5 25. f3 Ne5 26. Bb2 Rc2 27. Bh1 Nf7 28. Kb1 Re2 29. exf5 exf5 30. f4 Bxh1 31. Rhxh1 Rf2 32. Rhe1 Rb8 33. Rd5 Rxf4 34. Rxb5 Rc8 35. Rxa5 Re4 36. Rf1 Ne5 37. Rd5 Rc6 38. Ba3 Kxg7 39. Bxd6 Kf6 40. Ba3 h5 41. Bb2 Re6 42. Rd8 Kg5 43. Bc1+ f4 44. Rf8 Nd3 45. Rg1+ Kh4 46. Rh1+ Kg5 47. Bd2 Nf2 48. Rf1 Nh3 49. a4 Rd4 50. Rg8+ Rg6 51. Rxg6+ Kxg6 52. Kc2 Kf5 53. a5 Ng5 54. a6 Ne6 55. a7 Nc7 56. Ra1 Na8 57. Rh1 Kg4 58. Rg1+ Kf3 59. Rg8 Nc7 60. Rc8 Rd7 61. Ba5 Na8 62. Rxa8 h4 63. Bb6 h3 64. Rh8 Rxa7 65. Bxa7 Kg2 66. b4 h2 67. b5 f3 68. Bc5 1-0

[Event "BCF-chT 2324 (4NCL)"]
[Site "England"]
[Date "2024.01.13"]
[Round "3.6"]
[White "Czopor, Maciej"]
[Black "Ledger, Dave J"]
[Result "1/2-1/2"]
[WhiteElo "2353"]
[BlackElo "2190"]
[PlyCount "79"]
[EventDate "2023.11.11"]
[EventType "team-tourn"]
[EventRounds "11"]
[EventCountry "ENG"]
[SourceTitle "CBM 219 Extra"]
[Source "ChessBase"]
[SourceDate "2024.05.31"]
[SourceVersion "1"]
[SourceVersionDate "2024.05.31"]
[SourceQuality "1"]
[WhiteTeam "Wood Green Youth"]
[BlackTeam "Blackthorne Russia"]
[WhiteTeamCountry "ENG"]
[BlackTeamCountry "ENG"]

1. e4 e5 2. Nf3 Nc6 3. Bc4 Bc5 4. c3 Nf6 5. d4 exd4 6. b4 Be7 7. e5 Ne4 8. b5 Na5 9. Bd3 d5 10. exd6 Nxd6 11. cxd4 Nac4 12. Qc2 Nb6 13. Nc3 h6 14. 0-0 0-0 15. Bf4 Be6 16. Ne5 Ne8 17. Rad1 Nf6 18. Qc1 Re8 19. d5 Nbxd5 20. Nxd5 Bxd5 21. Bc4 Rc8 22. Rd3 c6 23. bxc6 bxc6 24. Ba6 Rc7 25. Bxh6 Bd6 26. Qg5 Nh5 27. Nc4 Bf4 28. Qxh5 Bxh6 29. Rg3 Re6 30. Ne3 Bf4 31. Nxd5 Bxg3 32. Nxc7 Bxc7 33. Bc4 Rf6 34. Rd1 Qe7 35. Qg4 Bb6 36. Qc8+ Kh7 37. Qh3+ Kg8 38. Qc8+ Kh7 39. Qh3+ Kg8 40. Qc8+ 1/2-1/2

[Event "BCF-chT 2223 (4NCL)"]
[Site "England"]
[Date "2023.04.29"]
[Round "9.4"]
[White "Ledger, Dave J"]
[Black "Chan, Sheng Liang Bernard"]
[Result "1/2-1/2"]
[WhiteElo "2148"]
[BlackElo "2043"]
[PlyCount "148"]
[EventDate "2022.10.22"]
[EventType "team-swiss"]
[EventRounds "11"]
[EventCountry "ENG"]
[SourceTitle "EXT 2024"]
[Source "ChessBase"]
[SourceDate "2023.10.10"]
[SourceVersion "1"]
[SourceVersionDate "2023.10.10"]
[SourceQuality "1"]
[WhiteTeam "Blackthorne Russia"]
[BlackTeam "Chessable White Rose II"]
[WhiteTeamCountry "ENG"]
[BlackTeamCountry "ENG"]

1. e4 e5 2. Nf3 Nf6 3. Nc3 Nc6 4. d4 exd4 5. Nxd4 Bb4 6. Nxc6 bxc6 7. Bd3 d5 8. exd5 0-0 9. 0-0 cxd5 10. Bg5 c6 11. Qf3 Rb8 12. Ne2 Bd6 13. Bxf6 Qxf6 14. Qxf6 gxf6 15. b3 Re8 16. Rad1 Bg4 17. f3 Be6 18. Ng3 Bxg3 19. hxg3 c5 20. Rfe1 a5 21. g4 Red8 22. Kf2 c4 23. bxc4 dxc4 24. Be4 Rxd1 25. Rxd1 Rb2 26. Ra1 c3 27. Ke3 Bxa2 28. Kd4 a4 29. Kxc3 a3 30. Rh1 Rb8 31. Ra1 Rb2 32. Bf5 h6 33. Rd1 Rb8 34. Rd6 Bb1 35. Ra6 a2 36. Be4 Kg7 37. Ra7 Rb5 38. Kd4 Rb4+ 39. c4 Bxe4 40. fxe4 Rb2 41. c5 Kf8 42. Kc3 Rxg2 43. c6 Rg1 44. c7 Rc1+ 45. Kd4 Rxc7 46. Rxa2 Rc1 47. Ke3 Kg7 48. Kf4 Rf1+ 49. Kg3 Kg6 50. Ra5 Rh1 51. Kf4 Rb1 52. Rc5 Rb8 53. Ra5 Re8 54. Rh5 Re5 55. Rf5 Re6 56. Rh5 Re7 57. Rh1 Re5 58. Rh2 Ra5 59. Rh1 Ra2 60. Rh5 Rf2+ 61. Kg3 Rf1 62. Ra5 Rh1 63. Kf4 Kg7 64. Rb5 Rf1+ 65. Kg3 Kf8 66. Rh5 Kg7 67. Rb5 Ra1 68. Kf4 Ra7 69. Rc5 Re7 70. Rh5 Kg6 71. Rh1 Re5 72. Rh2 Rc5 73. Rh1 Rb5 74. Rh2 Rc5 1/2-1/2

[Event "BCF-chT 2223 (4NCL)"]
[Site "England"]
[Date "2023.03.18"]
[Round "7.6"]
[White "Ledger, Dave J"]
[Black "Murray, David"]
[Result "1-0"]
[WhiteElo "2148"]
[BlackElo "2102"]
[PlyCount "237"]
[EventDate "2022.10.22"]
[EventType "team-swiss"]
[EventRounds "11"]
[EventCountry "ENG"]
[SourceTitle "CBM 213 Extra"]
[Source "ChessBase"]
[SourceDate "2023.05.31"]
[SourceVersion "1"]
[SourceVersionDate "2023.05.31"]
[SourceQuality "1"]
[WhiteTeam "Blackthorne Russia"]
[BlackTeam "Gonzaga"]
[WhiteTeamCountry "ENG"]
[BlackTeamCountry "ENG"]

1. e4 c5 2. Nf3 e6 3. d4 cxd4 4. Nxd4 Nc6 5. Nc3 Qc7 6. Be3 a6 7. Qf3 Nf6 8. Qg3 Qxg3 9. hxg3 Bb4 10. Rh4 e5 11. Nxc6 dxc6 12. 0-0-0 Be6 13. Na4 Nd7 14. a3 Be7 15. Rh1 b5 16. Nc3 a5 17. f3 b4 18. Nb1 0-0 19. Be2 Rfd8 20. Rd3 c5 21. c3 Bb3 22. cxb4 c4 23. Rd5 axb4 24. axb4 Bxb4 25. Bd1 Rac8 26. Nc3 Nc5 27. Bxc5 Rxd5 28. Bxb4 Rdd8 29. Bxb3 cxb3 30. Rd1 Rd4 31. Ba3 f6 32. Rd2 Kf7 33. Kd1 Rxd2+ 34. Kxd2 Ke6 35. g4 g6 36. Ke3 h5 37. gxh5 gxh5 38. g3 Rg8 39. Ne2 Rc8 40. Nc3 Rg8 41. Kf2 Rd8 42. Ne2 Rc8 43. Ke3 Rg8 44. Bb4 Rc8 45. Bc3 Rg8 46. Kd3 Rc8 47. Nc1 Rd8+ 48. Ke2 Rg8 49. Kf2 Rb8 50. Nd3 Rc8 51. f4 exf4 52. Nxf4+ Kf7 53. Nd5 f5 54. Ke3 fxe4 55. Kxe4 Rg8 56. Kf3 Rc8 57. Ke4 Rg8 58. Be5 h4 59. gxh4 Rg4+ 60. Nf4 Rxh4 61. Kd5 Rg4 62. Kc4 Rg3 63. Nd3 Re3 64. Bd4 Rh3 65. Nc5 Ke7 66. Nxb3 Kd6 67. Nc5 Rh1 68. b4 Rc1+ 69. Kb5 Rb1 70. Ka5 Kc6 71. Na4 Rb3 72. Bb2 Kc7 73. b5 Kb8 74. Ka6 Kc8 75. Nb6+ Kd8 76. Bf6+ Kc7 77. Be5+ Kd8 78. Nc4 Rb4 79. Na5 Kd7 80. b6 Ke6 81. Bg3 Kf5 82. b7 Ke4 83. b8Q Rxb8 84. Bxb8 Kd5 85. Kb5 Kd4 86. Kc6 Ke4 87. Kc5 Kd3 88. Nc4 Ke4 89. Be5 Kf5 90. Kd5 Kg4 91. Ke4 Kh3 92. Ne3 Kh4 93. Kf4 Kh3 94. Bf6 Kh2 95. Kg4 Kg1 96. Kg3 Kh1 97. Ng4 Kg1 98. Nf2 Kf1 99. Kf3 Kg1 100. Be5 Kf1 101. Bh2 Ke1 102. Ne4 Kd1 103. Ke3 Kc2 104. Nd2 Kb2 105. Bd6 Kc3 106. Be7 Kc2 107. Bf6 Kd1 108. Kd3 Ke1 109. Bh4+ Kd1 110. Bg3 Kc1 111. Nc4 Kd1 112. Nb2+ Kc1 113. Kc3 Kb1 114. Kb3 Kc1 115. Bf4+ Kb1 116. Nc4 Ka1 117. Be3 Kb1 118. Na3+ Ka1 119. Bd4# 1-0

[Event "BCF-chT 2122 (4NCL)"]
[Site "England"]
[Date "2022.06.26"]
[Round "11.66"]
[White "Ledger, Dave J"]
[Black "Southcott Moyers, Indy"]
[Result "1-0"]
[WhiteElo "2148"]
[BlackElo "2008"]
[PlyCount "111"]
[EventDate "2021.11.27"]
[EventType "team-swiss"]
[EventRounds "11"]
[EventCountry "ENG"]
[SourceTitle "EXT 2023"]
[Source "ChessBase"]
[SourceDate "2022.10.05"]
[SourceVersion "1"]
[SourceVersionDate "2022.10.05"]
[SourceQuality "1"]
[WhiteTeam "Blackthorne Russia"]
[BlackTeam "West is Best"]
[WhiteTeamCountry "ENG"]
[BlackTeamCountry "ENG"]

1. e4 e5 2. Nf3 Nc6 3. Bc4 Bc5 4. c3 Nf6 5. d4 exd4 6. e5 d5 7. Be2 Ne4 8. cxd4 Bb6 9. Nc3 0-0 10. 0-0 Bg4 11. Be3 Nxc3 12. bxc3 f6 13. exf6 Qxf6 14. a4 Bxf3 15. Bxf3 Qf7 16. c4 dxc4 17. Bxc6 bxc6 18. a5 Qd5 19. Qd2 Rfd8 20. axb6 cxb6 21. Qb4 b5 22. Ra6 Rd7 23. h3 Rd6 24. Qc5 Rg6 25. Qxd5+ cxd5 26. Rxg6 hxg6 27. Bd2 Kf7 28. Ra1 a6 29. Kf1 Kf6 30. f3 g5 31. Kf2 Kf5 32. Bb4 Kf6 33. Ra3 Kg6 34. g4 Kf7 35. Ra1 Ra7 36. Bd2 Kf6 37. Kg3 Ra8 38. Bb4 Ra7 39. Bc3 Ra8 40. Bd2 Ra7 41. Kf2 Ra8 42. Bb4 Ra7 43. Ke2 Ra8 44. Kd2 Kg6 45. Ra3 Kf7 46. Ba5 Rh8 47. Kc3 Rxh3 48. Kb4 Rh1 49. Kc5 Rb1 50. Bb4 Ke6 51. Rxa6+ Kd7 52. Ra3 Rb2 53. Kxb5 Kc7 54. Kc5 Kb7 55. Re3 Rc2 56. Kxd5 1-0

[Event "BCF-chT 2122 (4NCL)"]
[Site "England"]
[Date "2022.03.26"]
[Round "5.45"]
[White "Ledger, Dave J"]
[Black "Haydon, David Leslie"]
[Result "1-0"]
[WhiteElo "2148"]
[BlackElo "2282"]
[PlyCount "111"]
[EventDate "2021.11.27"]
[EventType "team-swiss"]
[EventRounds "11"]
[EventCountry "ENG"]
[SourceTitle "EXT 2023"]
[Source "ChessBase"]
[SourceDate "2022.10.05"]
[SourceVersion "1"]
[SourceVersionDate "2022.10.05"]
[SourceQuality "1"]
[WhiteTeam "Blackthorne Russia"]
[BlackTeam "Wood Green Youth"]
[WhiteTeamCountry "ENG"]
[BlackTeamCountry "ENG"]

1. e4 c6 2. d4 d5 3. e5 Bf5 4. h4 h5 5. Bd3 Bxd3 6. Qxd3 e6 7. Bg5 Ne7 8. Nd2 Qb6 9. Ne2 Nd7 10. c4 Qa6 11. b3 Nf5 12. Ng3 Nxg3 13. Qxg3 dxc4 14. 0-0 Nb6 15. Rfc1 c3 16. Rxc3 Bb4 17. Rd3 Bxd2 18. Rxd2 Nd5 19. Qf3 Rc8 20. Rc1 Rc7 21. Rc5 Rd7 22. Qe4 Qb6 23. Kh2 Qc7 24. Kh3 a6 25. a3 Qc8 26. Kh2 Rc7 27. b4 Qd7 28. Rdc2 0-0 29. Qf3 Ne7 30. Bxe7 Qxe7 31. Qxh5 Rd7 32. Qg4 Rfd8 33. Rd2 Rd5 34. h5 f5 35. exf6 Qxf6 36. Rxd5 Rxd5 37. Re2 Kf7 38. Re4 Rf5 39. f3 Qh6 40. Re5 Rf4 41. Rxe6 Rxg4 42. Rxh6 Rxd4 43. Rh8 Rd3 44. Rb8 b5 45. Rb6 Rxa3 46. Rxc6 Ra4 47. g4 Rxb4 48. Rxa6 Rc4 49. Rb6 Rc5 50. Kg3 Kg8 51. f4 Kh7 52. g5 Rc1 53. Rb8 Rg1+ 54. Kf2 Rh1 55. g6+ Kh6 56. Rh8# 1-0

[Event "BCF-chTb 1920 (4NCL)"]
[Site "Daventry"]
[Date "2020.01.12"]
[Round "4.66"]
[White "Head, Louise"]
[Black "Ledger, Dave J"]
[Result "0-1"]
[WhiteElo "2100"]
[BlackElo "2126"]
[PlyCount "76"]
[EventDate "2019.11.09"]
[EventType "team-tourn"]
[EventRounds "11"]
[EventCountry "ENG"]
[SourceTitle "CBM 194 Extra"]
[Source "ChessBase"]
[SourceDate "2020.03.31"]
[SourceVersion "1"]
[SourceVersionDate "2020.03.31"]
[SourceQuality "1"]
[WhiteTeam "Grantham Sharks"]
[BlackTeam "Blackthorne Russia"]
[WhiteTeamCountry "ENG"]
[BlackTeamCountry "ENG"]

1. d4 Nf6 2. c4 e6 3. Nf3 d5 4. Nc3 dxc4 5. e3 a6 6. Bxc4 b5 7. Bb3 Bb7 8. a4 b4 9. Ne2 c5 10. 0-0 Nbd7 11. Nf4 Bd6 12. Nd3 0-0 13. dxc5 Nxc5 14. Nxc5 Bxc5 15. Qe2 Ne4 16. Ne1 Qh4 17. Bc2 Rfd8 18. f3 Nf6 19. g3 Qh5 20. Nd3 Bd6 21. g4 Qa5 22. e4 Rac8 23. Be3 Nd7 24. Rac1 Nc5 25. b3 Nxd3 26. Bxd3 Rc3 27. Rxc3 bxc3 28. Bc4 Bc5 29. Kg2 Bxe3 30. Qxe3 h5 31. Rf2 hxg4 32. fxg4 Qe5 33. Re2 Qxe4+ 34. Kf2 Qg2+ 35. Ke1 Qh1+ 36. Kf2 c2 37. Bd5 Qxd5 38. Qc1 Qg2+ 0-1

[Event "EUR-chT Seniors 50"]
[Site "Mali Losinj"]
[Date "2019.09.25"]
[Round "8.3"]
[White "Yakovich, Yuri"]
[Black "Ledger, Dave J"]
[Result "1-0"]
[WhiteElo "2518"]
[BlackElo "2134"]
[PlyCount "63"]
[EventDate "2019.09.18"]
[EventType "team-swiss"]
[EventRounds "9"]
[EventCountry "CRO"]
[SourceTitle "EXT 2020"]
[Source "ChessBase"]
[SourceDate "2019.10.17"]
[SourceVersion "1"]
[SourceVersionDate "2019.10.17"]
[SourceQuality "1"]
[WhiteTeam "Russia 50"]
[BlackTeam "England 50"]
[WhiteTeamCountry "RUS"]
[BlackTeamCountry "ENG"]

1. d4 Nf6 2. c4 e6 3. Nc3 Bb4 4. e3 b6 5. Nge2 Bb7 6. a3 Bxc3+ 7. Nxc3 0-0 8. Bd3 d5 9. cxd5 exd5 10. b4 Ne4 11. Qb3 Re8 12. 0-0 Re6 13. f3 Nxc3 14. Qxc3 Nd7 15. Bb2 Nf6 16. Rac1 Rc6 17. Qd2 Rxc1 18. Rxc1 Qe7 19. Rc3 Ne8 20. Bc1 Rd8 21. b5 Rd6 22. a4 Rh6 23. Ba3 Qh4 24. h3 Bc8 25. Qf2 Qh5 26. Qg3 Re6 27. Kh2 g6 28. e4 Bb7 29. e5 c6 30. Qg4 Ng7 31. Qxh5 Nxh5 32. Bd6 1-0

[Event "BCF-chTb 1819 (4NCL)"]
[Site "Daventry"]
[Date "2019.03.16"]
[Round "7.77"]
[White "Golding, Alex"]
[Black "Ledger, Dave J"]
[Result "1/2-1/2"]
[WhiteElo "2236"]
[BlackElo "2159"]
[PlyCount "96"]
[EventDate "2018.11.10"]
[EventType "team-tourn"]
[EventRounds "11"]
[EventCountry "ENG"]
[SourceTitle "CBM 189 Extra"]
[Source "ChessBase"]
[SourceDate "2019.05.31"]
[SourceVersion "1"]
[SourceVersionDate "2019.05.31"]
[SourceQuality "1"]
[WhiteTeam "Guildford II"]
[BlackTeam "Blackthorne Russia"]
[WhiteTeamCountry "ENG"]
[BlackTeamCountry "ENG"]

1. d4 Nf6 2. c4 e6 3. Nf3 d5 4. Nc3 Bb4 5. cxd5 exd5 6. Bg5 h6 7. Bxf6 Qxf6 8. Qa4+ Nc6 9. Ne5 0-0 10. Nxc6 Bxc3+ 11. bxc3 Qxc6 12. Qxc6 bxc6 13. Rb1 Bf5 14. Rb3 Rfb8 15. Kd2 Bb1 16. e4 Bxa2 17. Rxb8+ Rxb8 18. Bd3 Rb2+ 19. Ke3 a5 20. Rc1 a4 21. c4 dxe4 22. Bxe4 Rb6 23. Ra1 Bb3 24. Kd3 Kf8 25. Kc3 Ke7 26. Bc2 Bxc2 27. Kxc2 Ra6 28. Kc3 Kf6 29. Ra3 Kf5 30. f3 h5 31. Kb4 h4 32. g3 g5 33. Rxa4 Rxa4+ 34. Kxa4 hxg3 35. hxg3 g4 36. fxg4+ Ke4 37. Kb4 Kxd4 38. g5 c5+ 39. Kb5 c6+ 40. Kxc6 Kxc4 41. Kd6 Kd4 42. Ke7 c4 43. Kxf7 c3 44. g6 c2 45. g7 c1Q 46. g8Q Qc4+ 47. Kg7 Qxg8+ 48. Kxg8 Ke5 1/2-1/2